Sports Quiz

Random Sports or MLB Quiz
Score 0/9 Timer 02:00
0 Plays Today
Year(s) with team Name % Correct
1998-09Roy Halladay
100%
1992-93Jack Morris
97.1%
1991-95Roberto Alomar
97.1%
1993-95Paul Molitor
93.9%
1992Dave Winfield
88.4%
2007-08Frank Thomas
85.7%
1993Rickey Henderson
84.4%
1982-85Bobby Cox
82.9%
1987Phil Niekro
56.6%
Remove Ads.
Support Sporcle.
Get the best of Sporcle when you Go Orange. This ad-free experience offers more features, more stats, and more fun while also helping to support Sporcle. Thank you for becoming a member.

You're not logged in!

Compare scores with friends on all Sporcle quizzes.
OR
Log In

Show Comments

Extras

Top Quizzes Today


Score Distribution

Your Account Isn't Verified!

In order to create a playlist on Sporcle, you need to verify the email address you used during registration. Go to your Sporcle Settings to finish the process.

Report this User

Report this user for behavior that violates our Community Guidelines.

Details: